| 000 | 01756nam a2200349 a 4500 | ||
|---|---|---|---|
| 001 | 00003839 | ||
| 003 | DO-SdBNP | ||
| 005 | 20160523111500.0 | ||
| 007 | 00003839 | ||
| 008 | 150130s2009 dr abc 000 0 spa d | ||
| 020 | _a9803663771 | ||
| 040 |
_aBPMSU _bspa _cBPMSU |
||
| 092 |
_a372.83 _bH557c 4to. 2009 |
||
| 100 | _aHernández Grullón, Alejandro | ||
| 245 | 1 | 0 |
_aCiencias sociales 4 / _cAlejandro Hernández Grullón, Juan Ricardo Hernández |
| 250 | _aEdición actualizada y rev. | ||
| 260 |
_aSanto Domingo : _bActualidad Escolar 2000, _c2009. |
||
| 300 |
_a2v. : _bil., mapas, retrs. ; _c28 cm. |
||
| 500 | _aLa biblioteca posee v. 1 libro texto y v.2. Libro del maestro | ||
| 500 | _aEste libro ha sido realizado de acuerdo al curriculum vigente y aprobado como libro de texto por la SEE, bajo el no. 6096 de fecha 4 de julio 2006, revisado y actualizado al 2009 | ||
| 505 | 0 |
_aUnidad 1 -- _gUnidad 1 -- _tProvincias y regiones dominicanas -- _gUnidad 2 -- _tRelieve, hidrografía y clima de las regiones de la República Dominicana -- _gUnidad 3 -- _tPrimeros pobladores y llegada de los españoles -- _gUnidad 4 -- _tEsclavitud nativa y resistencia -- _gUnidad 5 -- _tFormación del pueblo dominicano: independencia, anexión y restauración -- |
|
| 650 | 4 |
_aCIENCIAS SOCIALES _xENSEÑANZA BÁSICA |
|
| 650 | 4 |
_aCIENCIAS SOCIALES _xEDUCACIÓN PRIMARIA |
|
| 650 | 4 |
_aCIENCIAS SOCIALES _xLIBROS DE TEXTOS |
|
| 650 | 4 |
_aCIENCIAS SOCIALES _xESTUDIOS Y EJERCICIOS |
|
| 650 | 4 |
_aEDUCACIÓN PRIMARIA _zREPÚBLICA DOMINICANA |
|
| 700 | 1 | 2 | _aHernández, Juan Ricardo |
| 910 | _aValidado. Control de calidad MFF | ||
| 930 | 1 |
_lBND01 _mLF1 _820110113 _f04 _pHD |
|
| 942 |
_2ddc _cBK |
||
| 956 |
_aLOPEREZ _b10 _c20160408 _lBPMSU _h0041 |
||
| 999 |
_c9657 _d9657 |
||